Name All Roller Coasters In Finland - Statistics

General Stats
  • This quiz has been taken 19 times
  • The average score is 7 of 25
Answer Stats
Park Coaster % Correct
Linnanmäki Taiga
88%
Powerpark Junker
53%
Linnanmäki Salama
53%
Särkänniemi Tornado
53%
Linnanmäki Ukko
53%
Särkänniemi Hype
41%
Powerpark Pitts Special
41%
Linnanmäki Tulireki
41%
Linnanmäki Vuoristorata
41%
Linnanmäki Kirnu
35%
Linnanmäki Linnunrata
35%
Linnanmäki Pikajuna
35%
Powerpark Cobra
24%
Särkänniemi MotoGee
18%
Powerpark Thunderbird
18%
Nokkakivi Park Cyclon
12%
Tivoli Mokia Finland Family Ride
12%
Vauhtipuisto Herra Lohikäärme
12%
Powerpark Joyride
12%
Särkänniemi Konect
12%
Vauhtipuisto Mato Mainio
12%
Powerpark Mine Train
12%
Powerpark Neo's Twister
12%
Ruka Ski Resort Ruka Coaster
12%
Särkänniemi Vauhtimato
12%
No matching quizzes found
Score Distribution
Percent of People with Each Score
Percentile by Number Answered
Your Score History
You have not taken this quiz